Women in Engineering: Gender, Power, and Workplace Culture (Record no. 62740)
[ view plain ]
| 000 -LEADER | |
|---|---|
| fixed length control field | 00525nam a22001817a 4500 |
| 003 - CONTROL NUMBER IDENTIFIER | |
| control field | NUST - PNEC |
| 005 - DATE AND TIME OF LATEST TRANSACTION | |
| control field | 20170116180756.0 |
| 008 - FIXED-LENGTH DATA ELEMENTS--GENERAL INFORMATION | |
| fixed length control field | 150403b xxu||||| |||| 00| 0 eng d |
| 020 ## - INTERNATIONAL STANDARD BOOK NUMBER | |
| International Standard Book Number | 0791408698 |
| 040 ## - CATALOGING SOURCE | |
| Transcribing agency | Library |
| 082 ## - DEWEY DECIMAL CLASSIFICATION NUMBER | |
| Classification number | 305.4MCT |
| 100 ## - MAIN ENTRY--PERSONAL NAME | |
| 9 (RLIN) | 2074 |
| Personal name | Mcilwee Judiths |
| 245 ## - TITLE STATEMENT | |
| Title | Women in Engineering: Gender, Power, and Workplace Culture |
| Statement of responsibility, etc. | Judith S. McIlwee |
| 260 ## - PUBLICATION, DISTRIBUTION, ETC. | |
| Place of publication, distribution, etc. | New York |
| Name of publisher, distributor, etc. | State Univ of New York Pr |
| Date of publication, distribution, etc. | c1992. |
| 300 ## - PHYSICAL DESCRIPTION | |
| Extent | 248 p. : |
| 650 ## - SUBJECT ADDED ENTRY--TOPICAL TERM | |
| 9 (RLIN) | 2076 |
| Topical term or geographic name entry element | Women engineers |
| General subdivision | General |
| 942 ## - ADDED ENTRY ELEMENTS (KOHA) | |
| Source of classification or shelving scheme | |
| Koha item type | Book |
| Withdrawn status | Lost status | Source of classification or shelving scheme | Damaged status | Not for loan | Permanent Location | Current Location | Shelving location | Date acquired | Source of acquisition | Cost, normal purchase price | Total Checkouts | Full call number | Barcode | Date last seen | Date last checked out | Cost, replacement price | Price effective from | Koha item type |
|---|---|---|---|---|---|---|---|---|---|---|---|---|---|---|---|---|---|---|
| Pakistan Navy Engineering College (PNEC) | Pakistan Navy Engineering College (PNEC) | 06/18/2006 | Progressive International Agency | 1738.00 | 2 | 305.4MCT | PNECLIB-028006 | 05/12/2016 | 02/22/2016 | 1738.00 | 06/18/2006 | Book |
